Italian Language Pronouns - personal, possessive, reflective - Statistics

General Stats
  • This quiz has been taken 43 times
    41 since last reset
  • The average score is 15 of 25
Answer Stats
Hint Answer % Correct
you (singular, subject) tu
100%
it (subject) esso, essa
67%
their, theirs il loro, i loro, la loro, le loro
67%
my, mine il mio, i miei, la mia, le mie
67%
our, ours il nostro, i nostri, la nostra, le nostre
67%
his, her, hers il suo, i suoi, la sua, le sue
67%
your, yours (singular) il tuo, i tuoi, la tua, le tue
67%
your, yours (plural) il vostro, i vostri, la vostra, le vostre
67%
I io
67%
she lei, ella
67%
to her/it (indirect object) le, lei
67%
they loro, essi, esse
67%
he lui, egli
67%
me, myself mi, me
67%
we noi
67%
himself, herself, itself, themselves si, se
67%
you, yourself ti, te
67%
you, yourselves vi, voi
67%
you (plural, subject) voi
67%
us, ourselves ci, noi
33%
to him/it (indirect object) gli, le, lui, lei
33%
to them (indirect object) gli, loro
33%
her/it (direct object) la, lei
33%
him/it (direct object) lo, lui, la
33%
them (direct object) loro, il, le
33%
No matching quizzes found
Score Distribution
Percent of People with Each Score
Percentile by Number Answered
Your Score History
You have not taken this quiz since the last reset